|
|
|
|
| LEADER |
02915nam a2200457 4500 |
| 001 |
978-1-4842-3408-2 |
| 003 |
DE-He213 |
| 005 |
20191023161901.0 |
| 007 |
cr nn 008mamaa |
| 008 |
180613s2018 xxu| s |||| 0|eng d |
| 020 |
|
|
|a 9781484234082
|9 978-1-4842-3408-2
|
| 024 |
7 |
|
|a 10.1007/978-1-4842-3408-2
|2 doi
|
| 040 |
|
|
|d GrThAP
|
| 050 |
|
4 |
|a TK5105.5-5105.9
|
| 072 |
|
7 |
|a UKN
|2 bicssc
|
| 072 |
|
7 |
|a COM075000
|2 bisacsh
|
| 072 |
|
7 |
|a UKN
|2 thema
|
| 082 |
0 |
4 |
|a 004.6
|2 23
|
| 100 |
1 |
|
|a Kurniawan, Agus.
|e author.
|4 aut
|4 http://id.loc.gov/vocabulary/relators/aut
|
| 245 |
1 |
0 |
|a Practical Contiki-NG
|h [electronic resource] :
|b Programming for Wireless Sensor Networks /
|c by Agus Kurniawan.
|
| 250 |
|
|
|a 1st ed. 2018.
|
| 264 |
|
1 |
|a Berkeley, CA :
|b Apress :
|b Imprint: Apress,
|c 2018.
|
| 300 |
|
|
|a XVI, 293 p. 186 illus.
|b online resource.
|
| 336 |
|
|
|a text
|b txt
|2 rdacontent
|
| 337 |
|
|
|a computer
|b c
|2 rdamedia
|
| 338 |
|
|
|a online resource
|b cr
|2 rdacarrier
|
| 347 |
|
|
|a text file
|b PDF
|2 rda
|
| 505 |
0 |
|
|a Chapter 1: Introduction to Wireless Sensor Network -- Chapter 2: Basic Contiki-NG Programming -- Chapter 3: Concurrency -- Chapter 4: Contiki- NG and Computer Communication -- Chapter 5: Sensing and Actuating -- Chapter 6: Networking -- Chapter 7: Storage -- Chapter 8: Contiki-NG and Cloud Server.
|
| 520 |
|
|
|a Explore how to develop and implement wireless server networks (WSN) using Contiki-NG, branded as the operating system for the IoT. The book explains Contiki-NG's advantages in sensing, communication, and energy optimization and enables you to begin solving problems in automation with WSN. Practical Contiki-NG is a guide to getting started with Contiki-NG programming featuring projects that demonstrate a variety of applications. This book takes a practical and content-driven approach to the latest technologies, including Raspberry Pi, IoT and cloud servers. Readers will go through step-by-step guides and sample scenarios such as sensing, actuating, connectivity, building middleware, and utilizing IoT and cloud-based technologies. If you're looking to go from zero to hero in using Contiki-NG to build Wireless Sensor Network (WSN) applications then this is the book for you. .
|
| 650 |
|
0 |
|a Computer communication systems.
|
| 650 |
|
0 |
|a Computer programming.
|
| 650 |
1 |
4 |
|a Computer Communication Networks.
|0 http://scigraph.springernature.com/things/product-market-codes/I13022
|
| 650 |
2 |
4 |
|a Programming Techniques.
|0 http://scigraph.springernature.com/things/product-market-codes/I14010
|
| 710 |
2 |
|
|a SpringerLink (Online service)
|
| 773 |
0 |
|
|t Springer eBooks
|
| 776 |
0 |
8 |
|i Printed edition:
|z 9781484234075
|
| 776 |
0 |
8 |
|i Printed edition:
|z 9781484234099
|
| 776 |
0 |
8 |
|i Printed edition:
|z 9781484246870
|
| 856 |
4 |
0 |
|u https://doi.org/10.1007/978-1-4842-3408-2
|z Full Text via HEAL-Link
|
| 912 |
|
|
|a ZDB-2-CWD
|
| 950 |
|
|
|a Professional and Applied Computing (Springer-12059)
|